| 000 | 00872nam a2200229 i 4500 | ||
|---|---|---|---|
| 001 | 104391 | ||
| 003 | ES-MaACL | ||
| 005 | 20230906183605.0 | ||
| 007 | t| | ||
| 008 | 051129s1927 sp |||| | spa d | ||
| 100 | 1 |
_aMillares Carlo, Agustín, _d1893-1980 _981176 |
|
| 245 | 1 | 0 |
_aÍndice y extractos del Libro Horadado del Concejo Madrileño _b: (siglos XV-XVI) / _cpor Agustín Millares Carlo. |
| 250 | _a2ª ed. | ||
| 260 |
_aMadrid : _b[s.n.], _c1927 ( _fImp. Municipal) |
||
| 300 |
_a92 p. ; _c24 cm. |
||
| 490 | 1 |
_aPublicaciones de la Revista de la Biblioteca, Archivo y Museo ; _v2 |
|
| 651 | 4 |
_aMadrid- _xHistoria- _yS.XVI. _98970 |
|
| 651 | 4 |
_aMadrid- _xAdministración- _vHistoria- _vFuentes. _98941 |
|
| 830 | 0 |
_aPublicaciones de la Revista de la Biblioteca, Archivo y Museo ; _v2 _9226755 |
|
| 852 |
_aES-MaACL _j1719-F-13 |
||
| 999 |
_c104391 _d104391 |
||